000 00811cab a2200229 4500
001 ABS38021
008 090401t1987 xxu||||| |||| 00| 0 eng d
035 _a(Sirsi) u8157
041 _aeng
100 _aOsbourne, J.
245 _aNew dimensions on a rising sun
260 _c1987
350 _a0
490 _aBuilding
_v252(33) 14 August 1987, 54-55(2)
520 _aThe architectural practice YRM Partnership `s first completely computerised project is the Whitefriars development off Fleet Street . This article looks at how CAD is successfully being used in the initial design and planning stage.
650 _aBUILT ENVIRONMENT-CONSTRUCTION DESIGN
650 _aBUILDING PROJECTS
650 _aCOMPUTERS
690 _aBUILDING AND CONSTRUCTION-COMPUTERS
942 _n0
948 _c04/03/1997
999 _c4981
_d4981